00788nam a2200253Ia 4500008004100000020001400041050000900055050001500064100002200079245004000101245004800141245002500189260001700214260002500231260000900256300002500265300002000290300001000310500004800320650002400368700001100392999001900403952011200422171025s9999 xx 000 0 und d a137095767 a1.42 bW132 1969  aWagner, Harvey M. aPrinciples of operations research : bwith applications to managerial decisions / cby Harvey M. Wagner. aNew Jersey : bPrentice-Hall, Inc., c1969 axxii, 116397 pages : billustrations ; c24cm. aIncludes bibliographic reference and index. aOperation research. aTitle. c344856d344856 001040aSSISMbSSISMd2017-10-25l0oSHS 001.42 W132 1969 pSSISM3909r2017-10-25 00:00:00w2017-10-25yBK